000 00549nam a2200181 i 4500
001 134528
003 ES-MaACL
005 20240520181647.0
007 t|
008 070911s1975 sp ||||1| spa d
100 1 _aYagüe, María Eugenia.
_9117534
245 1 0 _aJuan Carlos I, Rey de los españoles /
_cMaría Eugenia Yagüe.
260 _a[Madrid :
_bSábado Gráfico,
_c1975]
300 _a259 p. :
_bil. ;
_c21 cm.
600 0 4 _aJuan Carlos
_bI,
_cRey de España
_967108
852 _aES-MaACL
_jE-9521
_bR.93782
999 _c134528
_d134528